000 01396nam a2200313Ia 4500
001 57227
003 CO-BoRNBP
005 20250605154036.0
007 ta
008 180109s9999 xx 000 0 und d
020 _a9788480194013
040 _aCO-BoRNBP
_bspa
_erda
_cCO-BoRNBP
041 _aspa
082 0 _a796.01 L18m
100 1 _aLavega Burgués, Pere,
_959995
245 1 0 _a1000 juegos y deportes populares y tradicionales:
_bla tradición jugada /
_cPere Lavega Burgues y Salvador Olaso Climent ; colaboraciones de Lourdes Centeno, Carlos Mata y José Antonio Samper.
250 _aSegunda edición, reimpresión
264 1 _aBadalona :
_bPaidotribo;2007
300 _a392 páginas :
_bilustraciones en blanco y negro ;
_c28 cm
336 _atexto
_btxt
_2rdacontent
337 _asin mediación
_bn
_2rdamedia
338 _avolumen
_bnc
_2rdacarrier
505 0 _aMarco conceptual: la naturaleza del juego Descripción de los juegos y deportes populares-tradicionales Propuestas para una aplicación educativa y recreativa de los juegos populares-tradicionales.
650 0 4 _aJuegos - Tradicion
_2LEMB
_959996
650 0 4 _aJuegos Y Pasatiempos
_2LEMB
_938841
650 0 4 _aJuegos - Historia
_2LEMB
_959997
700 1 _aOlaso Climent, Salvador, autor \ Centeno, Lourdes, colaboradora \ Mata, Carlos, colaborador \ Samper, José Antonio, colaborador
_959998
942 _2ddc
_cBK
999 _c57227
_d57227